Statistics for Complete the Movie Title (2014)

Click here to take the quiz!

General Stats

  • This quiz has been taken 88 times
  • The average score is 19 of 25

Answer Stats

HintAnswer% Correct
_________ of the GalaxyGuardians
96%
_______ of MadagascarPenguins
92%
Gone ____Girl
90%
The Imitation ____Game
87%
Big ____ 6Hero
87%
Captain America: The Winter _______Soldier
87%
Night at the Museum: Secret of the ____Tomb
87%
Into the _____Woods
87%
The Fault in Our _____Stars
86%
300: Rise of an ______Empire
85%
Transformers: Age of __________Extinction
85%
____ of the Planet of the ApesDawn
84%
____ of TomorrowEdge
84%
The Grand Budapest _____Hotel
84%
22 ____ StreetJump
84%
Exodus: Gods and _____Kings
73%
American ______Sniper
72%
The Other _____Woman
71%
The ______: The Battle of the Five ArmiesHobbit
68%
The Monkey King: Havoc in Heaven’s ______Palace
67%
Let’s Be ____Cops
66%
The Monuments ___Men
59%
The Taking of _____ MountainTiger
52%
The _______: Roaring CurrentsAdmiral
39%
Serial Bad ________Weddings
34%

Score Distribution

Percentile by Number Answered

Percent of People with Each Score

Your Score History

You have not taken this quiz